Responses for Show #871 - Monday, May 23, 1988

Mark Lowenthal game 4.

Contestants

[<< previous game]

Elle Hood, a housewife and attorney from Camarillo, California

Jack Dumpert, a bond manager from Buffalo, New York

Mark Lowenthal, a State Department employee from Reston, Virginia (whose 3-day cash winnings total $36,801)

[next game >>]

Jeopardy! Round responses

ALICE IN WONDERLAND
CURRENT EVENTS
COMMON BONDS
SNAKES
MINERALS
FROM THE LATIN
    $100 8
Tweedledum & Tweedledee

Mark
    $100 1
jet lag

Mark
    $100 5
types of flu

Mark
    $100 17
eyes

Mark
    $100 22
ore

Mark
    $100 7
refrigerator

Mark
    $200 9
(Jack: What are dodos?)

flamingos

MarkJack
    $200 2
Denver

Mark
    $200 15
picked (things that are picked)

Elle
    $200 27
crush you (squeeze you)

Jack
    $200 23
(Mark: What is [*] with a G.)

stalagmite

Mark
    $200 11
prose

Elle
    $300 10
(Mark: Who is the White Rabbit?)

March Hare

MarkElle
    $300 3
(Alex: Yes, to refute the allegation that during the revolution she had hidden under it.)

her bed

Mark
    $300 18
on your shoulder

Elle
    $300 28
play dead

Elle
    $300 24
gold

Mark
    $300 12
median

Jack
    $400 13
Mad Hatter

Triple Stumper
    $400 4
(Alex: Duchess of York's.)

new baby

Jack
    $400 19
(Mark: Um, what are things that, uh, deliver, that have sand, related to sand?)

things that hold water

Mark
Triple Stumper
    $400 29
king cobra

Mark
    $400 25
(Jack: What is lead?)

graphite

MarkJack
    $400 16
modify

Jack
    $500 14
White Knight

Mark
    $500 6
Chicago

Elle
    $500 20
they all have a curl

Triple Stumper
    $500 30
Indian & Pacific

Mark
    $500 26
(Alex: We've got about a minute to go.)

Mohs

Triple Stumper
    $500 21
regimen

Jack

Scores at the first commercial break (after clue 7):

Mark Jack Elle
$800 $400 $500

Scores at the end of the Jeopardy! Round:

Mark Jack Elle
$2,900 $1,200 $1,800

Double Jeopardy! Round responses

MYTHS & LEGENDS
TURN OF THE CENTURY
6-LETTER WORDS
WORLD GEOGRAPHY
BROADCASTING
GOING FOR BAROQUE
    $200 6
Hawaiian Islands

Elle
    $200 27
[The end-of-round signal sounds.]

Arthur Sullivan

Mark
    $200 7
(Elle: What is craving?)

hunger

Elle
Triple Stumper
    $200 18
Danube

Elle
    $200 1
FM (frequency modulation)

Jack
    $200 11
(Jack: Who is his instructor or teacher?)

godfather

Jack
Triple Stumper
    $400 9
Castor & Pollux

Mark
    $400 8
hostel

Jack
    $1,000 22
(Alex: We've got less than a minute to go.)

Colombia

Mark
    $400 2
Mutual

Jack
    $400 12
Oxford

Elle
    $600 10
(Alex: You got it in just in the nick of time.)

Odin

Jack
    $600 13
heifer

Elle
    $600 23
(Mark: Who are the Philistines?)

Romans

MarkElle
    $600 3
(Mark: Who is uh, Bill Paisley?)

William Paley

MarkJack
    $600 16
piano

Elle
    $800 20
El Dorado

Mark
    $800 24
J.P. Morgan

Mark
    $100 14
(Alex: Did you know it or was that a guess?)
(Elle: I had no idea!)
(Alex: That's the theme from Miami Vice & it was by Jan [*].)

hammer

Elle
    $800 25
Vietnam

Mark
    $800 4
(Mark: What is the Voice of America?)

Radio Liberty

Mark
Triple Stumper
    $800 17
concerto grosso

Mark
    $1000 21
Quetzalcoatl

Mark
    $1000 15
humble

Triple Stumper
    $1000 26
Prince Edward

Mark
    $1000 5
Marvin Kalb

Mark
    $1000 19
(Henry) Purcell

Mark

Scores at the end of the Double Jeopardy! Round:

Mark Jack Elle
$9,700 $3,200 $4,300
(lock game)

[wagering suggestions for these scores]

Final Jeopardy! Round responses

POP SINGERS
(Alex: [After Jack's response is revealed and accepted as correct] It was "Breaking Up is Hard to Do", #1 in 1962, #8 in 1976.)
JackWho is Neil Sedeka?
$3,000
ElleWho is Neil Diamond?
$0
MarkWho was Ray Charles
$1,000
Neil Sedaka

Final scores:

Mark Jack Elle
$8,700 $6,200 $4,300
4-day champion: $45,501 2nd place: trip on Eastern and stay at the Sheraton Grand Paradise Island in the Bahamas 3rd place: Speed Queen washer & dryer

Game dynamics:

Coryat scores:

Mark Jack Elle
$9,100 $3,200 $5,000
26 R
(including 2 DDs),
5 W
10 R,
3 W
13 R
(including 1 DD),
1 W

Combined Coryat: $17,300

[game clues] [game scores] [suggest correction]

Game tape date: 1988-01-26
The J! Archive is created by fans, for fans. Scraping, republication, monetization, and malicious use prohibited; this site may use cookies and collect identifying information. See terms. The Jeopardy! game show and all elements thereof, including but not limited to copyright and trademark thereto, are the property of Jeopardy Productions, Inc. and are protected under law. This website is not affiliated with, sponsored by, or operated by Jeopardy Productions, Inc. Join the discussion at JBoard.tv.